Perspectives on Social Ontology and Social Cognition /

Shranjeno v:
Bibliografske podrobnosti
Autores principales: Gallotti, Mattia (edición), Michael, John (edición)
Format: Knjiga
Jezik:angleščina
Izdano: Dordrecht, Holanda : Springer, 2014, c2014
Serija:(Studies in the Philosophy of Sociality ; 4)
Teme:
Online dostop:Ver documento en línea
Oznake: Označite
Brez oznak, prvi označite!

MARC

LEADER 00000nam^a2200000^a^4500
001 000420886
005 20251023000000.0
009 20260310122522.151
020 |a 978-94-017-9147-2 
037 |a Acervo ITESO - Biblioteca 
041 |a ING 
082 |a 300. 1  |b GAL 
100 |a Gallotti, Mattia  |e (edición) 
100 |a Michael, John  |e (edición) 
245 1 0 |a Perspectives on Social Ontology and Social Cognition /  |c Ed. de M. Gallotti, J. Michael. 
264 4 |a Dordrecht, Holanda :  |b Springer,  |c 2014, c2014 
264 2 |a Cham, Suiza :  |b Springer Link [distribución],  |c 2014 
300 |a 1 libro electrónico en línea (VIII, 189 p.) 
300 |a 1 recurso en línea 
336 |a datos para computadora  |b cod  |2 rdacontenido 
337 |a computadora  |b c  |2 rdamedio 
338 |a recurso en línea  |b cr  |2 rdasoporte 
440 1 |a (Studies in the Philosophy of Sociality ;  |v 4) 
506 0 |a Licencias ilimitadas 
649 |a XX 
650 |a Ontología 
650 |a Percepción Social 
650 |a Socialización 
650 |a Sociología -  |x Filosofía 
650 |a Sociología -  |x Teoría -  |x Tema Principal 
650 |a Sociología 
856 4 0 |u https://link-springer-com.ezproxy.iteso.mx/10.1007/978-94-017-9147-2  |y Ver documento en línea 
910 |a Fondo General 
920 |a Electrónicos - Libros en Línea 
930 |a Plataforma Digital 
905 |a 205 
901 |a 420886-1  |b IT2  |c EBO  |i C172346  |u 20250521 
902 |a https://opac.biblio.iteso.mx/vufind/Record/000420886